<?xml version="1.0" encoding="UTF-8"?>
<record
    xmlns:xsi="http://www.w3.org/2001/XMLSchema-instance"
    xsi:schemaLocation="http://www.loc.gov/MARC21/slim http://www.loc.gov/standards/marcxml/schema/MARC21slim.xsd"
    xmlns="http://www.loc.gov/MARC21/slim">

  <leader>01037cam a22001817i 4500</leader>
  <datafield tag="020" ind1=" " ind2=" ">
    <subfield code="a">9781435156197 (hbk.)</subfield>
  </datafield>
  <datafield tag="040" ind1=" " ind2=" ">
    <subfield code="c">PLJ</subfield>
  </datafield>
  <datafield tag="082" ind1="0" ind2="0">
    <subfield code="a">577 WIL 1999 A081 Or.</subfield>
  </datafield>
  <datafield tag="245" ind1="0" ind2="0">
    <subfield code="a">Animal habitats.</subfield>
  </datafield>
  <datafield tag="250" ind1=" " ind2=" ">
    <subfield code="a">2014 edition</subfield>
  </datafield>
  <datafield tag="300" ind1=" " ind2=" ">
    <subfield code="a">256 pages :</subfield>
    <subfield code="b">color illustrations, color map ;</subfield>
    <subfield code="c">29 cm</subfield>
  </datafield>
  <datafield tag="500" ind1=" " ind2=" ">
    <subfield code="a">"Previously published as six individual volumes: 24 HOURS Coral reef, Rain forest, Water hole, Desert, Mountain, and Arctic"--Title page verso.</subfield>
  </datafield>
  <datafield tag="500" ind1=" " ind2=" ">
    <subfield code="a">"All six volumes of DK's 24 hours series, now in one incredible book"--Cover.</subfield>
  </datafield>
  <datafield tag="520" ind1=" " ind2=" ">
    <subfield code="a">"In every hour of every day, there's something amazing to look out for in the wild. From Arctic ice floes to baking deserts, the natural world is full of incredible animals. Open the pages of this colorful book, and spend a day in six of the world's most fascinating environments. You'll see polar bears playing, giraffes eating breakfast, and owls setting out on their nightly hunt"--Page 4 of cover.</subfield>
  </datafield>
  <datafield tag="650" ind1=" " ind2="0">
    <subfield code="a">Habitat (Ecology)</subfield>
  </datafield>
  <datafield tag="650" ind1=" " ind2="0">
    <subfield code="a">Animal ecology</subfield>
  </datafield>
  <datafield tag="942" ind1=" " ind2=" ">
    <subfield code="c">EK</subfield>
  </datafield>
  <datafield tag="999" ind1=" " ind2=" ">
    <subfield code="c">15776</subfield>
    <subfield code="d">15776</subfield>
  </datafield>
  <datafield tag="952" ind1=" " ind2=" ">
    <subfield code="0">0</subfield>
    <subfield code="1">0</subfield>
    <subfield code="4">0</subfield>
    <subfield code="6">577_000000000000000_WIL_1999_A081_OR</subfield>
    <subfield code="7">0</subfield>
    <subfield code="9">69505</subfield>
    <subfield code="a">LBA</subfield>
    <subfield code="b">LBA</subfield>
    <subfield code="c">A081</subfield>
    <subfield code="d">2017-12-09</subfield>
    <subfield code="o">577 WIL 1999 A081 Or.</subfield>
    <subfield code="p">A12292</subfield>
    <subfield code="r">2017-12-09</subfield>
    <subfield code="w">2017-12-09</subfield>
    <subfield code="y">EK</subfield>
  </datafield>
</record>
